| 000 | 01006nam a2200313 i 4500 | ||
|---|---|---|---|
| 001 | 35779 | ||
| 003 | BPK | ||
| 005 | 20191104142007.0 | ||
| 008 | 991010s1999 pl f |000 0 pol | ||
| 020 | _a8386218967 | ||
| 040 |
_cKOSZ 005/HR _aKOSZ 005/HR _dKOSZ 005/HR |
||
| 046 | _k1999 | ||
| 080 | _a657 | ||
| 080 | _a658.14/.17 | ||
| 080 | _a(076) | ||
| 245 | 0 | 0 |
_aRachunkowość finansowa. _nCz.2, _pZbiór zadań / _cMaria Gmytrasiewicz [et al.]. |
| 250 | _a[Wyd.2]. | ||
| 260 |
_aWarszawa : _b"Difin", _c1999. |
||
| 300 |
_a251 s. ; _c24 cm. |
||
| 490 | 1 |
_aVademecum Rachunkowości ; _v2 |
|
| 655 | 4 | _aĆwiczenia i zadania | |
| 650 | 4 | _aRachunkowość | |
| 650 | 4 | _aFinanse przedsiębiorstwa | |
| 700 | 1 |
_aGmytrasiewicz, Maria _d(1940- ). _eAutor |
|
| 710 | 2 |
_aDifin _4pbl. |
|
| 830 | 0 |
_aVademecum Rachunkowości, _v2. |
|
| 856 |
_uhttp://koha.tu.koszalin.pl/cgi-bin/koha/opac-detail.pl?biblionumber=35779 _yKatalog online BPK |
||
| 942 |
_cKS _2UKD |
||
| 999 |
_c35779 _d35779 |
||